Education - Kinh doanh giáo dục tại thị trường Việt Nam

Cuốn sách hướng dẫn khởi nghiệp ngành giáo dục dành riêng cho thị trường Việt Nam, đồng hành theo từng giai đoạn khởi nghiệp và giúp các start-up khai thác những đặc thù cốt lõi của mô hình kinh doanh giáo dục, từ đó hạn chế các rủi ro không...

Full description

Saved in:
Bibliographic Details
Corporate Author: Rio Book
Format: Book
Language:Vietnamese
Published: H. Dân Trí 2021
Subjects:
Tags: Add Tag
No Tags, Be the first to tag this record!
Institutions: Thư viện Trường Đại học Nam Cần Thơ
LEADER 01138nam a22001937a 4500
001 NCT_136883
008 220616b xxu||||| |||| 00| 0 vie d
999 |c 7062  |d 7062 
020 |a 9786043441949  |c 220000 
082 0 4 |2 23rd ed.  |a 370  |b E823K 
245 0 0 |a Education - Kinh doanh giáo dục tại thị trường Việt Nam  |c Rio Book 
260 |a H.  |b Dân Trí  |c 2021 
300 |a 141 tr.  |b Minh họa  |c 25cm 
520 3 |a Cuốn sách hướng dẫn khởi nghiệp ngành giáo dục dành riêng cho thị trường Việt Nam, đồng hành theo từng giai đoạn khởi nghiệp và giúp các start-up khai thác những đặc thù cốt lõi của mô hình kinh doanh giáo dục, từ đó hạn chế các rủi ro không đáng có khi gia nhập thị trường này. 
653 |a Quản trị kinh doanh 
710 2 |a Rio Book 
942 |2 ddc  |c BK 
952 |0 0  |1 0  |2 ddc  |4 0  |6 370_000000000000000_E823K  |7 0  |9 25173  |a 000001  |b 000001  |d 2022-06-16  |o 370 E823K  |p MD.19809  |r 2022-06-16  |v 220000.00  |w 2022-06-16  |y BK 
980 |a Thư viện Trường Đại học Nam Cần Thơ